Central Library OPAC University of Rajshahi

Transistor television receivers : (Record no. 13650)

MARC details
000 -LEADER
fixed length control field 00839cam a22002651 4500
001 - CONTROL NUMBER
control field 13650
003 - CONTROL NUMBER IDENTIFIER
rucl marc code BD-RjUL
005 - DATE AND TIME OF LATEST TRANSACTION
control field 20211208235505.0
008 - FIXED-LENGTH DATA ELEMENTS--GENERAL INFORMATION
fixed length control field 140201s1963 xx 001 0 eng
035 ## - SYSTEM CONTROL NUMBER
System control number (BD-RjUL)13702
System control number (OCoLC)1441703
040 ## - CATALOGING SOURCE
Original cataloging agency DLC
Transcribing agency FO
Modifying agency Uk
-- DLC
-- BD-RjUL
Language of cataloging eng
041 ## - LANGUAGE CODE
Language code of text/sound track or separate title eng
082 ## - DEWEY DECIMAL CLASSIFICATION NUMBER
Classification number 621.38836
Author mark and year TOT 1963
100 1# - MAIN ENTRY--PERSONAL NAME
Personal name Towers, T. D.
Dates associated with a name 1914-
9 (RLIN) 42722
245 10 - TITLE STATEMENT
Title Transistor television receivers :
Remainder of title a survey of world circuitry: British, American, German, Russian, Japanese /
Statement of responsibility, etc. T. D. Towers.
260 ## - PUBLICATION, DISTRIBUTION, ETC. (IMPRINT)
Place of publication, distribution, etc. New York :
Name of publisher, distributor, etc. J. F. Rider,
Date of publication, distribution, etc. c1963.
300 ## - PHYSICAL DESCRIPTION
Pagination 194 p. :
Illustrations illus., diagrs. ;
Size 26 cm.
504 ## - BIBLIOGRAPHY, ETC. NOTE
Bibliography, etc Includes Index.
650 #0 - SUBJECT ADDED ENTRY--TOPICAL TERM
Topical term or geographic name as entry element Television
General subdivision Receivers and reception.
9 (RLIN) 41975
Topical term or geographic name as entry element Transistors.
9 (RLIN) 42723
942 ## - ADDED ENTRY ELEMENTS (KOHA)
Source of classification or shelving scheme Dewey Decimal Classification
Koha item type Books
Holdings
Lost status Source of classification or shelving scheme Damaged status Not for loan Collection code Permanent Location Current Location Shelving location Date acquired Source of acquisition Cost, normal purchase price Total Checkouts Full call number Date last seen Copy number Koha item type
  Dewey Decimal Classification   Not For Loan Non-fiction Central Library, University of Rajshahi Central Library, University of Rajshahi Reading Room 06/11/1968 Book centre 41.70   621.38836 TOT 1963 01/02/2014 C-1 Books